God, freedom, and immortality /

Bibliographic Details
Main Author: Harrison, Jonathan
Format: Book
Language:English
Published: Aldershot, Hants, England ; Brookfield, Vt. : Ashgate, [1999]
Series:Avebury series in philosophy.
Subjects:

MARC

Tag First Indicator Second Indicator Subfields
LEADER 00000cam a2200000 a 4500
001 in00001669421
005 20151024205702.0
008 981118s1999 enk b 001 0 eng
010 |a  98074628  
015 |a GB99-45727 
020 |a 1840148365 
035 |a (OCoLC)ocm41582649 
040 |a DLC  |c DLC  |d UKM  |d FUG  |d UMC  |d UtOrBLW 
049 |a TXAM 
050 0 0 |a BT102  |b .H355 1999 
082 0 0 |a 231  |2 21 
100 1 |a Harrison, Jonathan. 
245 1 0 |a God, freedom, and immortality /  |c Jonathan Harrison. 
264 1 |a Aldershot, Hants, England ;  |a Brookfield, Vt. :  |b Ashgate,  |c [1999] 
264 4 |c ©1999 
300 |a viii, 750 pages ;  |c 23 cm. 
336 |a text  |b txt  |2 rdacontent 
337 |a unmediated  |b n  |2 rdamedia 
338 |a volume  |b nc  |2 rdacarrier 
490 1 |a Avebury series in philosophy 
504 |a Includes bibliographical references (pages 717-736) and index. 
650 0 |a God  |x Proof. 
650 0 |a God  |x Attributes. 
650 0 |a Knowledge, Theory of (Religion) 
650 0 |a Faith. 
650 0 |a Christian ethics. 
830 0 |a Avebury series in philosophy. 
948 |a cataloged  |b cmulkey  |c 2003/4/28  |d 1:24:47 pm 
994 |a E0  |b TXA 
999 |a MARS 
999 f f |s a9b22d46-e6d5-3244-aa4e-a9a22f277a5a  |i 8759aed7-2a49-32b9-a1b6-201e4ae8c2e3  |t 0 
952 f f |p ric  |a Texas A&M University  |b Rellis Campus  |c Joint Library Facility  |d Remote Storage  |t 0  |e BT102 .H355 1999  |h Library of Congress classification  |i unmediated -- volume  |m A14830062500 
998 f f |a BT102 .H355 1999  |t 0  |l Remote Storage